1407 1095 1288 1401 1519 1606 1920 1450 1304 1233 1775 1551 1937 1656 1794 1394 1399 1738 1595 1397 1038 1454 1410 1933 1133 1357 1152 1191 1682 1433 1841 1677 1317 1927 1554 1024 1327 1551 1383 1452 1650 1424 1718 1892 1463 1876 1151 1544 1968 1379 1795 1114 1883 1860 1147 1782 1120 1599 1822 1238 1815 1589 1667 1434 1603 1155 1217 1520 1934 1366 1691 1879 1354 1650 1969 1462 1002 1750 1183 1302 1997 1184 1727 1314 1084 1742 1829 1587 1098 1360 1125 1850 1873 1796 1783 1843 1556 1994 1731 BCNSPRNW ULIB Ver.6.0+V

เปลี่ยนเป็นภาษาไทย

Change to English
 แสดงรายละเอียดบรรณานุกรม
  กลับหน้าหลัก

Brief Record : Get Marc (ISO 2709) : E-mail record : QR code < ปิดหน้าต่าง
LEADER : 00000nam 2200000uu 4500
001    13399120739
003     ULIB
008    121005s2549||||th 000 0 tha d
020    ^a9743413588
020    ^a9789743413582
050 04 ^aBQ5630.v5^bพ394ก 2549
100 0  ^aพระธรรมวิสุทธิกวี(พิจิตร จิตวณฺโณ)
245 10 ^aการพัฒนาจิต /^cพระธรรมวิสุทธิกวี(พิจิตร จิตวณฺโณ)
250    ^aพิมพ์ครั้งที่ 8
260    ^aกรุงเทพ ฯ :^bสร้างสรรค์บุ๊คส์,^c2549
300    ^a285 หน้า
440  0 ^aสายธารพุทธธรรม
650  4 ^aจิต^xแง่ศาสนา
650  4 ^aพุทษธศาสนา
650  4 ^aวิปัสสนา
945    ^p190^l0^i16473
949    ^aวิภา
999 ^a ใช้งานได้ทุกระบบ
รายการนี้ยังไม่มีแท็ก
คุณยังไม่ได้ล็อกอิน คุณสามารถมีกิจกรรมร่วมกับเว็บไซต์ได้ แต่ต้องล็อกอินก่อน ::
  ล็อกอิน

รายการสื่อสารสนเทศ

ลำดับที่ ประเภท เลขเรียก/บาร์โค้ด สถานที่ สถานะ
1. วิทยาศาสตร์การแพทย์ และสุขภาพ
วิทยาศาสตร์การแพทย์ และสุขภาพ
BQ5630.v5 พ394ก 2549  
  Barcode: 16473
ห้องสมุดวิทยาเขตสวรรค์ประชารักษ์
►หนังสือทั่วไป
บนชั้น

รายการใกล้เคียง
    ผู้แต่ง [พระธรรมวิสุทธิกวี(พิจิตร จิตวณฺโณ)]

    หัวเรื่อง [พุทษธศาสนา]
    หัวเรื่อง [วิปัสสนา]

BibComment


ยังไม่เคยถูกคอมเมนท์

คอมเมนท์ทรัพยากรรายการนี้
  คอมเมนท์: การพัฒนาจิต พระ..


 Copyright 2026. Bcnsprnw @Library